[Event "92nd ARG-ch Final 2017"]
[Site "Buenos Aires"]
[Date "2017.10.18"]
[Round "7"]
[White "Acosta, Pablo Ismael"]
[Black "Dolezal, Cristian"]
[Result "0-1"]
[WhiteElo "2409"]
[BlackElo "2426"]
[Annotator "TA"]
[PlyCount "102"]
[EventDate "2017.10.12"]
[EventType "tourn"]
[EventCountry "ARG"]
[SourceTitle "playchess.com"]
[Source "ChessBase"]
[SourceQuality "1"]

{[%evp 15,102,66,72,38,36,28,58,45,87,73,71,-17,-8,-10,-13,-16,0,-100,-98,-84,-85,-79,-46,-60,-42,-51,-27,-92,-43,-35,-34,-51,-53,-65,0,-45,-27,-14,0,0,0,0,0,0,0,0,14,0,14,0,0,0,16,0,0,-25,-25,-92,-85,-97,-111,-104,-89,-75,-72,-239,-243,-264,-240,-309,-234,-230,-219,-518,-298,-385,-87,-89,-91,-94,-84,-1003,-1019,-937,-927,-375,-375,-29995,-29996]} 1. d4 Nf6 2. Nf3 g6 3. c4 Bg7 4. Nc3 O-O 5. e4 d6 6. h3 c5 7. d5 Na6 8. Bd3 Nc7 9. Be3 {E90: King's Indian: Classical: Early deviations and 6 h3} (9. O-O e5 10. dxe6 Nxe6 11. Bc2 a6 12. Be3 b5 13. cxb5 axb5 14. Nxb5 d5 15. e5 Ne8 16. a4 Bb7 17. Re1 N8c7 {1-0 (38) Sanikidze,T (2520)-Paravyan,D (2531) Batumi 2017}) 9... e6 10. O-O b6 11. Qd2 $146 {White is slightly better.} ({Predecessor:} 11. dxe6 Nxe6 12. Qd2 Bb7 13. Rad1 Nd7 14. Be2 Ne5 15. Qxd6 Nd4 16. Qxd8 Nxe2+ 17. Nxe2 Rfxd8 18. Nd2 {0-1 (29) Chueca Forcen,A (2276)-Gimeno Oteo,M (2142) Spain 2010}) 11... e5 12. Bg5 Qe8 13. b4 (13. Nh4 $16) 13... cxb4 $11 14. Nb5 Nxb5 15. Bxf6 Nc7 {[%cal Bb5c7,Bc7a6,Ba6c5][%mdl 32]} 16. Bh4 (16. Bxg7 $11 {keeps the balance.} Kxg7 17. Qxb4) 16... a5 $17 17. Rfb1 Na6 18. a3 {[%cal Ra3b4]} Bd7 19. Ne1 {[%cal Ra3b4]} Qb8 20. f3 {[%cal Ra3b4]} Qc7 21. Nc2 (21. axb4 $11 Nxb4 22. Be2) 21... bxa3 22. Nxa3 Nc5 23. Nb5 Bxb5 $1 24. Rxb5 Ra6 ({Better is} 24... f5 $15 25. Qe2 a4) 25. Bc2 a4 26. Ra3 Rfa8 27. Bg5 Bf8 {[%cal Bg7f8,Bf8e7,Be7d8,Bd8f6][%mdl 32]} 28. Kh2 Be7 29. Be3 Bd8 30. Rb4 Ra5 31. Qc3 Kg7 32. f4 Bf6 33. f5 Nd7 34. g4 h6 35. fxg6 fxg6 36. Qd2 {[#]} (36. Rbxa4 $11 Nc5 37. Rxa5 bxa5 38. Qd2) 36... Bg5 $1 {[%mdl 512]} 37. Bxg5 hxg5 38. Qxg5 Rf8 39. Qe3 b5 40. Bd3 $2 (40. Ra2 $17) 40... bxc4 $19 41. Bxc4 Nc5 42. Kg2 Rf4 43. Be2 {[%cal Bc4e2,Be2b5,Bb5c6][%mdl 32]} Ra8 {[%cal Ba5a8,Ba8b8,Bb8b2][%mdl 32]} 44. Ra1 $2 (44. Bf3 {was the only chance.}) 44... Qa7 45. Bb5 {If White can now play Bc6 this consolidates a bit.} a3 $2 (45... Qb7 $19 {has better winning chances. White must now prevent ...Ra5.} 46. Ra3 Ra5) 46. Bc6 $17 {[#]} Rb8 $1 $36 {[%cal Rb8b4][%mdl 2048] Black is on the roll.} 47. Rxa3 Qc7 48. Rc4 $2 {[%mdl 8192]} (48. Bb5 $17) 48... Rb2+ $19 49. Kg3 Qf7 50. Rxc5 dxc5 51. Qxc5 $2 {[#]} (51. d6 $19 g5 52. d7) 51... Rxg4+ $1 {[%mdl 512] Precision: White = 31%, Black = 46%.} 0-1

[Event "92nd ARG-ch Final 2017"]
[Site "Buenos Aires"]
[Date "2017.10.18"]
[Round "7"]
[White "Pierrot, Facundo"]
[Black "Sosa, Tomas"]
[Result "0-1"]
[WhiteElo "2405"]
[BlackElo "2466"]
[Annotator "TA"]
[PlyCount "96"]
[EventDate "2017.10.12"]
[EventType "tourn"]
[EventCountry "ARG"]
[SourceTitle "playchess.com"]
[Source "ChessBase"]
[SourceQuality "1"]

{[%evp 20,96,2,11,19,4,18,16,49,0,0,0,0,0,0,-22,-22,-32,13,12,11,0,0,-23,-20,-38,-15,-36,-20,-20,-12,-21,-14,-45,-25,-26,-26,-27,0,0,-3,-12,-8,-54,-47,-55,-10,-108,-8,-222,-91,-129,-2,-2,-2,-2,-3,-282,-291,-445,-433,-760,-230,-244,-255,-241,-212,-156,0,0,0,-83,-49,-1589,-129,-249,0,-1395,-1255]} 1. e4 c5 2. Nf3 Nc6 3. Bb5 Nf6 4. e5 Nd5 5. O-O g6 6. Nc3 Nc7 {B30: Sicilian: 2...Nc6 3 Bb5, lines without ...g6} 7. Bxc6 dxc6 8. d3 Bg7 9. Ne4 b6 10. h3 O-O 11. Re1 {LiveBook: 54 Games} h6 12. Bd2 Ne6 13. a4 $146 ({Predecessor:} 13. Ng3 Qd5 14. Qc1 Kh7 15. Ne2 Nd4 16. Nexd4 cxd4 17. Re4 c5 18. Bxh6 Bxh6 19. Rh4 g5 20. Rxh6+ Kxh6 21. Qxg5+ Kh7 22. Qh5+ Kg7 23. Qg5+ Kh7 {½-½ (23) Popovic,D (2573)-Kokol,P (2271) Nova Gorica 2012}) 13... Qd5 14. Bc3 c4 15. d4 a5 16. Qe2 Bb7 17. Qe3 Rfe8 18. Bd2 f5 19. Nc3 Qd7 20. Qe2 b5 21. axb5 cxb5 22. d5 $1 {[%cal Rd5e6]} Nc7 23. Red1 Nxd5 24. Nxd5 Bxd5 25. Rxa5 Qb7 26. Ne1 Be4 27. Rxa8 Rxa8 28. f3 Bd5 29. Bb4 e6 $36 {[%mdl 2048] Black has good play.} 30. c3 Ra2 31. Rd2 Qa7+ 32. Kh2 Ra1 33. Bd6 (33. f4 $1 $11) 33... h5 ({Black should try} 33... Rc1 $17 34. Rxd5 exd5) 34. Rd4 $2 (34. f4 $1 $11) 34... Qa2 (34... Rb1 $1 $19 35. Rxd5 exd5) 35. Nc2 {Black must now prevent Rxd5.} Qxb2 (35... Rc1 $1 $17 36. Rxd5 (36. Nb4 Qb1 $17) 36... exd5) 36. Rxd5 $1 $11 exd5 37. e6 $1 {[%cal Re6e7]} Ra8 (37... Kh7 $5 38. e7 $8 Ra8 $11) 38. e7 $2 {[%mdl 8192]} (38. Be5 $1 $11) 38... Kf7 $19 ({Weaker is} 38... Qxc3 39. e8=Q+ Rxe8 40. Qxe8+ Kh7 41. Nb4 $16) 39. Qd1 {[#]} (39. Be5 $142 Re8 40. Bxg7 Rxe7 41. Be5) 39... d4 $1 40. Nxd4 (40. cxd4 $142 Re8 41. Qd2) 40... Qxc3 $2 (40... Ra1 41. Qc2 Qxc2 42. Nxc2 Rd1) 41. Nxb5 {Intending Qd5+ and mate.} Qd3 42. Qg1 Qd5 43. Qb6 {[#] intending f4.} Re8 $2 (43... c3 $1 $17 {[%cal Rc3c2]} 44. Qc7 Re8) 44. f4 $11 Qe4 (44... Bf6 $5 45. Nc7 $8 Qd4 46. Nxe8 Qxb6 47. Nxf6 Qxd6 48. e8=Q+ Kxf6 49. Qh8+ Kf7 50. Qh7+ Kf8 51. Qh8+ Kf7 52. Qh7+ Kf8 53. Qh8+ Ke7 54. Qg7+ Kd8 55. Qg8+ Ke7 56. Qg7+ Kd8 57. Qg8+ Kc7 58. Qxc4+ Kb6 $11) 45. Qc7 (45. Bb4 $1 $11 Qxf4+ 46. g3) 45... Bf6 $17 {aiming for ...Bh4.} 46. Kh1 $2 {[%mdl 8192]} (46. Be5 $15 Bxe5 47. fxe5) 46... Qe1+ $2 (46... Qb1+ 47. Kh2 Qxb5) 47. Kh2 $19 Qe4 $2 ({Stronger than} 47... Bxe7 48. Be5 $11) (47... Qe6 48. Bc5 Kg8) 48. Kh1 $1 Qb1+ {Precision: White = 37%, Black = 30%.} 0-1

[Event "92nd ARG-ch Final 2017"]
[Site "Buenos Aires"]
[Date "2017.10.18"]
[Round "7"]
[White "Cuberli, Emiliano"]
[Black "Slipak, Sergio"]
[Result "1-0"]
[WhiteElo "2248"]
[BlackElo "2437"]
[Annotator "TA"]
[PlyCount "111"]
[EventDate "2017.10.12"]
[EventType "tourn"]
[EventCountry "ARG"]
[SourceTitle "playchess.com"]
[Source "ChessBase"]
[SourceQuality "1"]

{[%evp 11,111,12,8,7,50,41,46,47,39,21,27,12,5,18,17,29,20,12,21,-7,0,-3,-10,-14,-15,-38,-37,-119,-46,-73,-11,-10,87,83,87,86,77,87,93,76,145,157,160,128,141,121,135,111,103,87,80,54,87,54,91,90,85,89,83,82,229,48,51,72,63,0,14,0,1,0,0,0,68,-20,60,0,0,0,0,-28,0,-13,3,3,662,652,632,625,29987,29988,29988,29989,29989,29990,29990,29991,29991,29991,29992,29993,29997,29998]} 1. Nf3 Nf6 2. g3 d5 3. Bg2 g6 4. b3 c5 5. Bb2 Nc6 6. O-O Bg7 7. Ne5 {A05: Réti Opening: 1 Nf3 Nf6} O-O (7... Nxe5 8. Bxe5 O-O 9. c4 Be6 10. Nc3 d4 11. Na4 Qc8 12. e3 Rd8 13. exd4 cxd4 14. Qf3 Bh3 15. Qxb7 Bxg2 16. Qxc8 Raxc8 17. Kxg2 {1-0 (33) Vachier Lagrave,M (2796)-Bacrot,E (2708) Paris 2017}) 8. Nxc6 bxc6 9. d3 $146 {White is slightly better.} ({Predecessor:} 9. c4 Qb6 10. d3 d4 11. Nd2 e5 12. Ne4 Nxe4 13. Bxe4 Bd7 14. Bg2 f5 {½-½ (30) Czerniakow,W-Maciejewski,A (2360) Bydgoszcz 1979}) 9... Qc7 10. Nd2 e5 11. c4 Re8 12. cxd5 cxd5 13. Rc1 Bb7 14. Rc2 Qe7 15. Qa1 Nd7 16. b4 cxb4 17. Rc7 Rab8 18. Bh3 f5 {Hoping for ...Qd6.} 19. Rfc1 ({White should play} 19. Bg2 $15 Qd6 20. Rfc1) 19... Qd6 (19... d4 $1 $17 20. R1c2 Qd6) 20. Bg2 $1 $15 Re7 (20... a5 $17) 21. a3 {[%cal Ba2a3,Ba3b4,Bb4c5][%mdl 32]} Nb6 (21... Bh6 $1 $11 22. e3 f4) 22. Rxe7 $16 Qxe7 23. axb4 Ba8 24. Rc5 Rc8 25. Nb3 Rxc5 (25... Rd8 $142) 26. bxc5 ({Reject} 26. Nxc5 $6 Bc6 $14) 26... Nc8 27. Qa4 Kf7 28. e3 {[%cal Be2e3,Be3e4][%mdl 32]} Qc7 29. Bc3 Bc6 30. Qa1 Ne7 31. Nd2 {Nf3 is the strong threat.} h6 32. e4 Kg8 33. Qa2 $1 {[%cal Re4d5]} Qd7 34. Nf3 Qe6 35. exf5 gxf5 {[#]} (35... Qxf5 $16 {might work better.} 36. Ne1 (36. Qxa7 d4 $16) 36... Qd7) 36. Qxa7 $2 (36. Bxe5 $1 $18 {[%mdl 512]} Bxe5 37. Qe2) 36... d4 $14 37. Qb8+ Kf7 38. Bd2 (38. Be1 $14) 38... e4 39. dxe4 fxe4 40. Ne1 Be5 41. Qb1 Bg7 (41... d3 $11) 42. Qc1 (42. Nc2 $1 $14) 42... Nf5 ({Black should try} 42... d3 $11) 43. Bh3 (43. Qd1 $14) 43... Qd5 44. Bg2 {Strongly threatening Nd3!} d3 45. Qa3 Qe6 46. Qa7+ Kg6 {Threatens to win with ...Bd4.} 47. Bh3 $36 {[%mdl 2048] White fights for an advantage.} Qd5 $2 {[%mdl 8192]} (47... Qf6 $11) 48. Ng2 $18 Kh7 49. Nf4 Qe5 {[#]} 50. Bc3 $1 {[%mdl 512] White mates.} Nd4 (50... Qxc3 51. Bxf5+) 51. Bxd4 $1 Qxd4 52. Bf5+ Kg8 53. Qb8+ Kf7 54. Qc7+ Bd7 55. Bxd7 Be5 56. Be6+ {Precision: White = 48%, Black = 31%.} 1-0

[Event "92nd ARG-ch Final 2017"]
[Site "Buenos Aires"]
[Date "2017.10.19"]
[Round "8"]
[White "Perez Ponsa, Federico"]
[Black "Pierrot, Facundo"]
[Result "1-0"]
[WhiteElo "2594"]
[BlackElo "2405"]
[Annotator "TA"]
[PlyCount "65"]
[EventDate "2017.10.12"]
[EventType "tourn"]
[EventCountry "ARG"]
[SourceTitle "playchess.com"]
[Source "ChessBase"]
[SourceQuality "1"]

{[%evp 37,65,29,33,25,41,27,93,43,41,35,98,101,97,100,89,92,122,119,97,118,113,26,291,301,242,278,572,571,1338,1312]} 1. e4 e5 2. Nf3 Nc6 3. Bb5 {[%cal Bf1b5,Bb5a4,Ba4b3][%mdl 32]} a6 4. Ba4 Nf6 5. O-O Be7 6. Re1 b5 7. Bb3 d6 8. c3 O-O 9. h3 Nb8 10. d4 Nbd7 11. Nbd2 Bb7 12. Bc2 Re8 13. Nf1 Bf8 14. Ng3 g6 15. a4 c5 16. d5 c4 17. Bg5 h6 18. Be3 Nc5 19. Qd2 Kh7 20. Nh2 {C95: Closed Ruy Lopez: Breyer Variation with 10 d4} (20. Bxc5 dxc5 21. Nf1 Re7 22. Qe3 Rc8 23. g4 Ne8 24. N3h2 Qc7 25. Qg3 Bg7 26. Ne3 Nd6 27. h4 Rf8 {½-½ (58) Sevian,S (2531)-Kamsky,G (2683) Saint Louis 2015}) 20... Bg7 21. Rf1 Rb8 (21... Qe7 $11) 22. axb5 {White is better.} (22. f4 {keeps more tension.} Ncd7 23. f5 Rf8 24. Qe2 Ra8 25. Nf3) 22... axb5 23. f4 $146 ({Predecessor:} 23. f3 Ra8 24. Rae1 Ra2 25. Bb1 Ra1 26. Bc2 Rxe1 27. Rxe1 Qe7 28. Ra1 {½-½ (28) Gaertig,L-Sergiev,S ICCF corr 1977}) 23... exf4 (23... Ncd7 $14) 24. Rxf4 $16 Ncd7 25. Raf1 Ne5 26. Nf3 Nfd7 {[#]} 27. Nd4 $1 ({Don't play} 27. Nxe5 $6 Nxe5 28. Ne2 Qd7 $14) 27... Nc5 28. Ngf5 ({Much worse is} 28. Nxb5 $6 Bc8 $11) 28... gxf5 29. Nxf5 (29. Rxf5 $16 {Threatens to win with Rh5.} Nb3 30. Bxb3 cxb3 31. Bxh6) 29... Bc8 $2 {[%mdl 8192]} (29... Rg8 $1 $11) 30. Nxg7 $18 Kxg7 {[#]} 31. Qf2 $1 {[%cal Rf2g3] Qg3+ is the strong threat.} Rb7 $2 (31... f5 32. Rh4 Kf7) 32. Rf6 Rh8 {If Black can now play ...Qe7 this consolidates a bit.} 33. Qg3+ {Precision: White = 65%, Black = 21%.} 1-0

[Event "92nd ARG-ch Final 2017"]
[Site "Buenos Aires"]
[Date "2017.10.19"]
[Round "8"]
[White "Flores, Diego"]
[Black "Villanueva, Mario"]
[Result "1-0"]
[WhiteElo "2574"]
[BlackElo "2451"]
[Annotator "TA"]
[PlyCount "41"]
[EventDate "2017.10.12"]
[EventType "tourn"]
[EventCountry "ARG"]
[SourceTitle "playchess.com"]
[Source "ChessBase"]
[SourceQuality "1"]

{[%evp 10,41,22,5,9,13,32,41,20,2,8,2,2,6,15,0,11,2,7,-10,87,81,150,152,162,162,464,464,591,488,465,474,593,579]} 1. Nf3 Nf6 2. g3 b5 3. Bg2 Bb7 4. Na3 a6 5. c4 e5 (5... b4 6. Nc2 e6 7. d4 Be4 8. O-O Be7 9. a3 bxa3 10. Nxa3 c5 11. dxc5 Bxc5 12. Nb1 O-O 13. Nc3 Bb7 14. Bf4 {½-½ (47) Artemiev,V (2677)-Georgiev,K (2633) Skopje 2017}) 6. b3 {LiveBook: 6 Games. A05: Réti Opening: 1 Nf3 Nf6} Bc5 7. O-O Qe7 8. Nc2 {White is slightly better.} O-O 9. d3 d6 $146 ({Predecessor:} 9... h6 10. e4 Nc6 11. Nh4 d6 12. Nf5 Qd8 13. Bd2 {½-½ (25) Henderson,G (2024)-Portych,V (1987) ICCF email 2011}) 10. e4 bxc4 11. bxc4 Nc6 12. Nh4 Bc8 13. Nf5 Qd8 14. Bg5 {[%cal Bc1g5,Bg5d8,Bd8c7,Bc7a5][%mdl 32]} Rb8 (14... h6 $11 15. Be3 Rb8) 15. Nce3 $1 $16 Nd4 {[#]} (15... Bxf5 $142 16. exf5 Nd4) 16. Nxg7 $1 {[%mdl 512]} Kxg7 17. Nd5 $36 {[%mdl 2048] White is on the roll.} Nxd5 $2 (17... Bg4 18. Qd2 {[#]} (18. Bxf6+ Qxf6 19. Qxg4+ Qg6 $16) 18... Nxe4 $1 {[%mdl 512]} 19. dxe4 (19. Bxe4 f6 $16) 19... f6 20. Bh6+ Kg6) 18. Bxd8 $18 {White is clearly winning.} Nc3 19. Qd2 {White wants to mate with Qg5+.} f6 20. Bxc7 Rb7 21. Ba5 {Precision: White = 39%, Black = 41%.} 1-0

[Event "92nd ARG-ch Final 2017"]
[Site "Buenos Aires"]
[Date "2017.10.19"]
[Round "8"]
[White "Pichot, Alan"]
[Black "Valerga, Diego"]
[Result "1-0"]
[WhiteElo "2571"]
[BlackElo "2452"]
[Annotator "TA"]
[PlyCount "65"]
[EventDate "2017.10.12"]
[EventType "tourn"]
[EventCountry "ARG"]
[SourceTitle "playchess.com"]
[Source "ChessBase"]
[SourceQuality "1"]

{[%evp 20,65,60,61,75,84,108,110,109,91,118,112,112,109,113,100,96,96,202,215,201,217,247,227,246,243,237,225,371,356,382,355,511,517,516,514,505,509,670,666,637,666,826,751,925,925,1118,1141]} 1. e4 e6 2. d4 d5 3. Nc3 Bb4 4. e5 c5 5. a3 Bxc3+ 6. bxc3 Qa5 7. Bd2 Qa4 8. Qg4 g6 9. Nf3 {C18: French: 3 Nc3 Bb4: Main line: 7 h4 and 7 Qg4} Nc6 10. Be2 Qxc2 (10... b6 11. O-O cxd4 12. Nxd4 Nxd4 13. cxd4 Ba6 14. Bxa6 Qxa6 15. c4 Ne7 16. Bb4 Qb7 17. Bxe7 Qxe7 18. cxd5 exd5 {1-0 (50) Bobras,P (2523)-Socko,B (2613) Bialystok 2016}) 11. dxc5 {LiveBook: 4 Games. White is slightly better.} Bd7 12. O-O Qe4 13. Qxe4 dxe4 14. Ng5 f5 $146 ({Predecessor:} 14... Nxe5 15. Nxe4 Bc6 16. Nd6+ Ke7 {½-½ (46) Adair,J (2436)-Foisor,M (2250) England 2015}) 15. exf6 $1 Nxf6 16. f3 exf3 17. Bxf3 O-O 18. Rab1 $36 {[%mdl 2048] White is in control.} Rad8 (18... Rab8 $16) 19. Rxb7 $18 Bc8 20. Rb2 ({Much less strong is} 20. Bxc6 Bxb7 21. Bxb7 Rxd2 $16) 20... Ne5 21. Be2 Nd3 22. Bxd3 $1 Rxd3 23. c4 h6 (23... Kg7 {might work better.} 24. Re1 Rxa3) 24. Nf3 Ng4 25. Re1 Rxa3 (25... g5 $142 26. c6 Re8) 26. h3 {White is clearly winning.} Nf6 27. Bxh6 Re8 28. c6 e5 29. Rxe5 Rxe5 30. Nxe5 Kh7 31. Bf4 Ra1+ 32. Kh2 Rf1 33. Rb8 {Precision: White = 98%, Black = 40%.} 1-0

[Event "92nd ARG-ch Final 2017"]
[Site "Buenos Aires"]
[Date "2017.10.19"]
[Round "8"]
[White "Krysa, Leandro"]
[Black "Slipak, Sergio"]
[Result "1/2-1/2"]
[WhiteElo "2545"]
[BlackElo "2437"]
[Annotator "TA"]
[PlyCount "97"]
[EventDate "2017.10.12"]
[EventType "tourn"]
[EventCountry "ARG"]
[SourceTitle "playchess.com"]
[Source "ChessBase"]
[SourceQuality "1"]

{[%evp 9,97,0,4,0,0,-5,-5,5,0,0,7,-8,-20,-14,-8,-32,-25,-25,-33,-74,-28,-55,-12,-27,-43,-25,-24,-12,-23,-32,76,42,71,-21,36,17,24,-14,9,30,23,10,14,8,17,0,4,0,6,8,15,0,0,0,0,0,0,0,0,0,0,-22,-20,-35,0,0,15,0,0,6,18,0,0,0,0,0,0,0,0,0,0,0,0,0,0,0,0,0,0,-124]} 1. d4 d5 2. c4 e6 3. Nc3 Be7 4. cxd5 exd5 5. g3 Nf6 {LiveBook: 7 Games} 6. Nh3 $146 {A17: English Opening: 1...Nf6 with ...Bb4} ({Predecessor:} 6. Bg2 O-O 7. e3 c6 8. Nge2 a5 9. O-O Na6 10. Qc2 Re8 11. a3 Bf8 12. Bd2 Nc7 13. Rad1 Ne6 14. Bc1 Ng5 15. f3 h6 {0-1 (48) Mirzoev,E (2443)-Oleksienko,M (2636) Lvov 2017}) 6... Nbd7 7. Bg2 Nb6 8. Nf4 O-O 9. O-O Re8 10. b3 Bf5 11. f3 Bb4 12. Bb2 Qe7 13. Rf2 c6 14. g4 Bg6 15. Qd2 Bd6 16. Re1 Qc7 17. Bc1 a6 18. e3 c5 {[#] And now ...cxd4 would win.} 19. dxc5 Qxc5 (19... Bxc5 $15 {stays ahead.} 20. Nd1 (20. Ncxd5 Nfxd5 21. Nxd5 Nxd5 $17) 20... Qd6) 20. Nce2 Rac8 21. Bf1 {[#]} ({Better is} 21. Nxg6 $16 {Threatens to win with Ngf4.} hxg6 22. g5) 21... Qc7 (21... d4 $1 $11 {[%mdl 512]} 22. exd4 (22. Qxd4 Qxd4) 22... Qc7) 22. Bb2 Qe7 23. Rc1 Bb4 24. Qd1 Bc5 ({Wrong is} 24... Qxe3 $2 25. Rxc8 Rxc8 26. Bd4 $18) 25. Bd4 Bxd4 26. exd4 Nfd7 27. Ng2 Nf8 28. Nef4 Qa3 29. Rxc8 Rxc8 30. Ne3 Qd6 31. Neg2 Rc3 32. Qd2 Rc2 33. Qe3 Rxf2 34. Qxf2 Qa3 35. Nxg6 hxg6 36. Nf4 Qd6 37. Qe3 {The position is equal.} g5 38. Nd3 Ne6 39. Nc5 Qe7 40. Bd3 {aiming for Bf5.} Nd7 41. Nxe6 fxe6 42. f4 gxf4 43. Qxf4 g5 44. Qc7 Qg7 45. Kf1 Nf8 46. Qd8 Qf7+ 47. Ke2 Qf4 48. h3 Kf7 49. Bc2 {Precision: White = 54%, Black = 60%.} (49. Qc8 $11) 1/2-1/2

[Event "92nd ARG-ch Final 2017"]
[Site "Buenos Aires"]
[Date "2017.10.19"]
[Round "8"]
[White "Real De Azua, Ernesto"]
[Black "Acosta, Pablo Ismael"]
[Result "1-0"]
[WhiteElo "2484"]
[BlackElo "2409"]
[Annotator "TA"]
[PlyCount "71"]
[EventDate "2017.10.12"]
[EventType "tourn"]
[EventCountry "ARG"]
[SourceTitle "playchess.com"]
[Source "ChessBase"]
[SourceQuality "1"]

{[%evp 13,71,38,42,11,0,1,29,23,18,0,41,32,36,21,29,22,52,25,37,7,16,7,7,7,9,0,0,0,120,108,127,112,122,107,106,117,97,106,160,160,159,152,160,160,160,160,160,160,168,160,160,151,462,419,408,418,380,403,443,431]} 1. Nf3 Nf6 2. c4 e6 3. d4 Bb4+ 4. Nbd2 O-O 5. a3 Be7 6. e4 d6 {E11: Damenindisch (Bogoljubow-Variante)} 7. Be2 e5 {LiveBook: 4 Partien} 8. O-O exd4 {Die Stellung ist ausgeglichen.} 9. Nxd4 a5 10. Qc2 Re8 11. b3 Bf8 12. Bb2 Nbd7 13. Rfe1 $146 ({Vorgänger:} 13. b4 c6 14. Bd3 {1-0 (56) Troff,K (2501)-Shimanov,A (2639) Atlantic City 2016}) 13... c6 14. Rad1 Qb6 15. Kh1 g6 16. f3 Bg7 17. Nb1 {[%cal Bd2b1,Bb1c3,Bc3b5][%mdl 32]} Nc5 18. Bc1 {[%cal Bb2c1,Bc1e3,Be3d4][%mdl 32]} Nfd7 19. Be3 {[#]} f5 $1 {[%cal Rf5e4][%mdl 512]} 20. Nc3 (20. exf5 Rxe3) 20... Nf6 (20... fxe4 $11 21. Nxe4 Nxe4 22. fxe4 Nc5) 21. Ndb5 $1 $16 cxb5 22. Nxb5 Bf8 23. Bd4 Nh5 24. b4 axb4 25. axb4 Qc6 (25... Bd7 $142) 26. bxc5 dxc5 27. Bb2 fxe4 28. fxe4 ({Schlechter ist} 28. Qc3 Bg7 $11) 28... Qxe4 29. Qxe4 Rxe4 {[#]} 30. Bf3 $1 {[%cal Rf3e4]} Rxe1+ 31. Rxe1 {Weiss will mit Ld5+ Matt setzen.} h6 {[#]} 32. Re8 $1 {[%mdl 1024] zielt auf Ld5+ ab. Weiss hat starke Kompensation.} ({Bloß nicht} 32. Bd5+ $6 Kh7 $14) 32... Ra2 $2 (32... Nf4 $16) 33. Bc3 {Ld5+ ist eine echte Drohung.} ({Nicht} 33. Rxc8 Rxb2 34. Kg1 Nf6 $11) 33... Rc2 34. Bd5+ Kh7 {Und ...Sf6! würde nun gewinnen.} 35. h3 Ng3+ 36. Kh2 {Precision: Weiß = 40%, Schwarz = 51%.} 1-0

[Event "92nd ARG-ch Final 2017"]
[Site "Buenos Aires"]
[Date "2017.10.19"]
[Round "8"]
[White "Sosa, Tomas"]
[Black "Mareco, Sandro"]
[Result "1-0"]
[WhiteElo "2466"]
[BlackElo "2644"]
[Annotator "TA"]
[PlyCount "83"]
[EventDate "2017.10.12"]
[EventType "tourn"]
[EventCountry "ARG"]
[SourceTitle "playchess.com"]
[Source "ChessBase"]
[SourceQuality "1"]

{[%evp 19,83,-14,-2,-16,-20,-17,-23,-30,-30,-42,-46,-50,-18,-23,-13,-34,-38,-40,-40,-50,-46,-48,-30,-64,-73,-64,-68,-83,-51,-79,-80,-82,0,-58,-62,-69,-87,-119,-114,-139,-148,-142,-156,-169,-136,-153,-165,-156,-80,-81,-87,-71,-55,-81,-88,-72,-80,-461,-442,-401,-221,-202,-28,-125,29996,29997]} 1. e4 c5 2. Nf3 d6 3. Bb5+ Nc6 4. Bxc6+ bxc6 5. O-O Bg4 6. c3 {B51: Sicilian: Moscow Variation (3 Bb5+) without 3...Bd7} (6. h3 Bxf3 7. Qxf3 e5 8. d3 Nf6 9. Na3 Be7 10. Nc4 O-O 11. Bd2 Nd7 12. a3 Nb6 13. Na5 Qc7 14. c4 {1-0 (45) Rublevsky,S (2683)-Timofeev,A (2549) Sochi 2017}) 6... Nf6 7. Re1 e6 8. h3 Bh5 9. d3 Nd7 10. Nbd2 Be7 {LiveBook: 8 Games} 11. Nf1 O-O 12. Ng3 Bg6 13. Be3 a5 $146 ({Predecessor:} 13... Rb8 14. Qc1 {0-1 (22) Petrovski,I (1805)-Vucinic,G (1869) Belgrade 2008}) 14. Nd2 d5 15. f4 {With the idea f5.} Bh4 16. Qf3 f5 17. exd5 cxd5 18. Bf2 Bf7 19. Nb3 Qc7 20. d4 {[%cal Rb3c5]} Rfb8 21. Re2 {[%cal Rb3c5]} c4 22. Nc5 Nxc5 23. dxc5 Rb5 24. Bd4 {[#]} Be7 $1 $36 {[%mdl 2048] Black is on the roll.} 25. a4 Rxc5 (25... Rb7 $17 26. Qf2 Rc8) 26. Nh5 ({White should play} 26. Rae1 $11) 26... Bf8 $15 27. g4 Rc6 28. Kh1 fxg4 29. hxg4 Bg6 30. Ng3 Bd3 31. Re3 Qf7 {And now ...Rb8 would win.} 32. Rae1 Rb8 33. Qf2 Rb3 (33... Rb7 $142 {aiming for ...Qg6.} 34. Kg2 Rb3) 34. f5 $17 exf5 35. gxf5 Rh6+ 36. Kg1 {[#]} Rb8 $1 37. Qf4 Rxb2 {Strongly threatening ...Rhh2.} 38. f6 $2 {[%mdl 8192]} (38. Re8 $17 {was the crucial defense.}) 38... Rhh2 $19 {[%csl Gh2][%cal Rb2g2]} 39. Qf3 {and the idea Re7! leaves White hopeful.} gxf6 (39... h5 $142 {Threatens to win with ...h4.} 40. Re7 Qg6 41. f7+ Kh7) 40. Re8 {Black must now prevent Bc5.} Kg7 $2 (40... Bg6 $19 41. Rd8 Bh5) 41. Qg4+ (41. Ra8 $1 $11 {keeps the balance.} Qg6 42. Ra7+ Kg8 43. Qxd5+ Kh8 44. Qf3 Rhg2+ 45. Qxg2 Rxg2+ 46. Kxg2) 41... Kh8 $2 {[%mdl 8192] [#]} (41... Bg6 $17 42. Nf5+ Kh8) 42. Rxf8+ $1 {[%mdl 512] Precision: White = 40%, Black = 53%.} 1-0